| 000 | 00892nam a22001817a 4500 | ||
|---|---|---|---|
| 008 | 250901b ||||| |||| 00| 0 spa d | ||
| 020 | _a978-987-566-798-3 | ||
| 040 |
_aAR-FvUNAJ _dAR-FvUNAJ _eaacr2 |
||
| 082 | 1 | 4 |
_214 _a158.1 |
| 100 | 1 |
_aDyer, Wayne W. _d1940-2015 _921882 |
|
| 245 | 1 | 3 |
_aEl cielo es el límite / _cWayne W. Dyer. |
| 260 |
_aBuenos Aires : _bDebolsillo, _c2012. |
||
| 300 | _a375 p. | ||
| 520 | _aSi su límite es el cielo, quiere decir que los únicos límites que en realidad existen son los que usted, en su interior, se marca, muchas veces sin quererlo. Porque realmente ustedpuede cambiar su vida, puede convertirse en una persona autónoma, dueña en cada momento de sus actos y sus proyectos, de sus decisiones y de la realización de sus esperanzas. | ||
| 650 | 0 |
_99049 _aAUTOAYUDA |
|
| 942 |
_2ddc _cLIBRO |
||
| 980 |
_62 _aVirginia Figueroa _82 _gVirginia Figueroa |
||
| 999 |
_c11075 _d11075 |
||